| 000 | 01137 a2200217 4500 | ||
|---|---|---|---|
| 005 | 20080908143149.0 | ||
| 008 | 080908t xxu||||| |||| 00| 0 hin d | ||
| 010 | _aHIN-79178 | ||
| 020 | _a525.00 | ||
| 035 | _aHN-51524 | ||
| 037 | _bD.B.Act / pub | ||
| 082 | _a025.43 | ||
| 100 | _aशर्मा, प्रहलाद | ||
| 245 |
_aप्रायोगिक पुस्तकालय वर्गीकरण _cप्रहलाद शर्मा |
||
| 246 |
_aPrayogic puskalya vargikaran _bby Prahlad Sharma |
||
| 260 |
_aजयपुर _bयुनिवर्सिटी पब्लिकेशन्स _c2004 |
||
| 270 |
_aविश्वविद्यालय प्रकाशन _bजयपुर _e302003 _k0141-2324264 |
||
| 300 |
_aii,iv,266पृ _c22 सेमी (सजिल्द) |
||
| 942 |
_adpl _cHN _k025.43 / शर्माप्र _2ddc _h025.43 _m शर्माप्र |
||
| 999 |
_c1327 _d1327 |
||